Public administration (Record no. 55252)

MARC details
000 -LEADER
fixed length control field 00791nam a2200217 a 4500
008 - FIXED-LENGTH DATA ELEMENTS--GENERAL INFORMATION
fixed length control field 120416s1990 ||||||||||||||||| || u
020 ## - INTERNATIONAL STANDARD BOOK NUMBER
International Standard Book Number 0934540624
050 ## - LIBRARY OF CONGRESS CALL NUMBER
Classification number JF 1351 Pub
100 ## - MAIN ENTRY--PERSONAL NAME
Personal name Wildavsky, Aaron B
245 10 - TITLE STATEMENT
Title Public administration
Statement of responsibility, etc. edited by Naomi B. Lynn
246 ## - VARYING FORM OF TITLE
Title proper/short title the state of the discipline
260 ## - PUBLICATION, DISTRIBUTION, ETC.
Place of publication, distribution, etc. New Delhi
Name of publisher, distributor, etc. East-West Press
Date of publication, distribution, etc. 1990
300 ## - PHYSICAL DESCRIPTION
Extent xix, 540 p. : ill.
350 ## - PRICE (NR) (BK AM CF MU VM SE) [OBSOLETE]
Price 0.00
500 ## - GENERAL NOTE
General note Includes bibliographical references and indexes.
650 ## - SUBJECT ADDED ENTRY--TOPICAL TERM
Topical term or geographic name entry element PUBLIC ADMINISTRATION--UNITED STATES
650 ## - SUBJECT ADDED ENTRY--TOPICAL TERM
Topical term or geographic name entry element ADMINISTRATION
650 ## - SUBJECT ADDED ENTRY--TOPICAL TERM
Topical term or geographic name entry element PUBLIC ADMINISTRATION
700 ## - ADDED ENTRY--PERSONAL NAME
Personal name Lynn, Naomi B
995 ## - RECOMMENDATION 995 [LOCAL, UNIMARC FRANCE]
-- 0.00
-- CBU-MAIN LIBRARY (Kitwe)
-- 1
-- 100.00
-- 1
-- AVAILABLE
-- Main Library Open Access Collection
Holdings
Withdrawn status Lost status Source of classification or shelving scheme Damaged status Not for loan Home library Current library Shelving location Date acquired Total Checkouts Full call number Barcode Date last seen Price effective from Koha item type
          CBU-MAIN LIBRARY, KITWE. CBU-MAIN LIBRARY, KITWE.   11/30/2022   JF 1351 Pub 007573 11/30/2022 11/30/2022 MONOGRAPH